00221nam a22000857a 4500020001800000100002400018245002800042264004600070300001900116 a97899455108671 aBalaguer, Elizabeth03aMi carnaval my carnival aSanto Domingo :bAmigos del Hogar,c2024. a37 páginas :